Character and the novel / (Record no. 20474)
[ view plain ]
| 000 -LEADER | |
|---|---|
| fixed length control field | 00880nam a2200277 a 4500 |
| 001 - CONTROL NUMBER | |
| control field | 20474 |
| 003 - CONTROL NUMBER IDENTIFIER | |
| rucl marc code | BD-RjUL |
| 005 - DATE AND TIME OF LATEST TRANSACTION | |
| control field | 20211209000553.0 |
| 008 - FIXED-LENGTH DATA ELEMENTS--GENERAL INFORMATION | |
| fixed length control field | 140301r19661965enk b 001 0 eng d |
| 035 ## - SYSTEM CONTROL NUMBER | |
| System control number | (BD-RjUL)20536 |
| System control number | (OCoLC)2272444 |
| 040 ## - CATALOGING SOURCE | |
| Original cataloging agency | CIN |
| Transcribing agency | CIN |
| Modifying agency | EQO |
| -- | BD-RjUL |
| Language of cataloging | eng |
| 041 ## - LANGUAGE CODE | |
| Language code of text/sound track or separate title | eng |
| 082 04 - DEWEY DECIMAL CLASSIFICATION NUMBER | |
| Classification number | 823.09 |
| Author mark and year | HAC 1966 |
| 090 ## - LOCALLY ASSIGNED LC-TYPE CALL NUMBER (OCLC); LOCAL CALL NUMBER (OCLC) | |
| Classification number (OCLC) (R) ; Classification number, CALL (RLIN) (NR) | PN3383.C5 |
| Local cutter number (OCLC) ; Book number/undivided call number, CALL (RLIN) | H3 |
| 099 ## - LOCAL FREE-TEXT CALL NUMBER (OCLC) | |
| Bangla Class number | *ML A.8 - 7W-V - G5 |
| Feature heading | : Character and the novel |
| 100 1# - MAIN ENTRY--PERSONAL NAME | |
| Personal name | Harvey, W. J. |
| Fuller form of name | (William John), |
| Dates associated with a name | 1925-1967. |
| 9 (RLIN) | 63136 |
| 245 10 - TITLE STATEMENT | |
| Title | Character and the novel / |
| Statement of responsibility, etc. | by W. J. Harvey |
| 260 ## - PUBLICATION, DISTRIBUTION, ETC. (IMPRINT) | |
| Place of publication, distribution, etc. | London : |
| Name of publisher, distributor, etc. | Chatto & Windus, |
| Date of publication, distribution, etc. | 1965 [impression 1966]. |
| 300 ## - PHYSICAL DESCRIPTION | |
| Pagination | 222 p. ; |
| Size | 23 cm. |
| 504 ## - BIBLIOGRAPHY, ETC. NOTE | |
| Bibliography, etc | includes Bibliographical reference and index. |
| 650 #0 - SUBJECT ADDED ENTRY--TOPICAL TERM | |
| Topical term or geographic name as entry element | Characters and characteristics in literature |
| 9 (RLIN) | 54190 |
| Topical term or geographic name as entry element | Fiction |
| General subdivision | Technique |
| 9 (RLIN) | 51866 |
| 942 ## - ADDED ENTRY ELEMENTS (KOHA) | |
| Source of classification or shelving scheme | Dewey Decimal Classification |
| Koha item type | Books |
| Lost status | Source of classification or shelving scheme | Damaged status | Not for loan | Collection code | Permanent Location | Current Location | Shelving location | Date acquired | Source of acquisition | Cost, normal purchase price | Total Checkouts | Full call number | Date last seen | Copy number | Koha item type |
|---|---|---|---|---|---|---|---|---|---|---|---|---|---|---|---|
| Dewey Decimal Classification | Added to bundle | Fiction | Central Library, University of Rajshahi | Central Library, University of Rajshahi | Reading Room | 27/06/1968 | Sweets & Zeitlinger | 30.00 | 823.09 HAC 1966 | 01/03/2014 | C-1 | Books |